书目信息 |
| 题名: |
越位
|
|
| 作者: | 魏然森 著 | |
| 分册: | ||
| 出版信息: | 北京 中国人民公安大学出版社 2009.04 |
|
| 页数: | 296页 | |
| 开本: | 24cm | |
| 丛书名: | 本书讲述的是云蒙市旅游局局长阮知平,少年时曾因家庭出身而备受歧视,改革开放使他偶然步入了基层仕途,并娶了市委书记家保姆出身的齐美竹为妻。当市委书记的女儿酒后一语道破隐藏多年的天机,当同母胞妹的日记摧毁了就在眼的成功,所有真相都暴露于光天化日之下,阮知平和他的妻子怎样突破万丈红尘的重围…… | |
| 单 册: | ||
| 中图分类: | I247.5 | |
| 科图分类: | ||
| 主题词: | 小说--中国 | |
| 电子资源: | ||
| ISBN: | 978-7-81139-480-1 | |
| 000 | 01258 nam 000265 | |
| 001 | 0100009639 | |
| 005 | 20100803150547.54 | |
| 010 | @a978-7-81139-480-1@dCNY30.00 | |
| 100 | @a20100729d1997 em y0chiy0121 ea | |
| 101 | @achi | |
| 102 | @aCN@b110000 | |
| 105 | @ay z 000yy | |
| 200 | 10 | @a越位@Ayue wei@f魏然森著@Fwei ran shen zhu |
| 210 | @a北京@c中国人民公安大学出版社@d2009.04 | |
| 215 | @a296页@d24cm | |
| 225 | @a本书讲述的是云蒙市旅游局局长阮知平,少年时曾因家庭出身而备受歧视,改革开放使他偶然步入了基层仕途,并娶了市委书记家保姆出身的齐美竹为妻。当市委书记的女儿酒后一语道破隐藏多年的天机,当同母胞妹的日记摧毁了就在眼的成功,所有真相都暴露于光天化日之下,阮知平和他的妻子怎样突破万丈红尘的重围…… | |
| 300 | @a原创长篇时政小说 | |
| 410 | 0 | @12001 @a本书讲述的是云蒙市旅游局局长阮知平,少年时曾因家庭出身而备受歧视,改革开放使他偶然步入了基层仕途,并娶了市委书记家保姆出身的齐美竹为妻。当市委书记的女儿酒后一语道破隐藏多年的天机,当同母胞妹的日记摧毁了就在眼的成功,所有真相都暴露于光天化日之下,阮知平和他的妻子怎样突破万丈红尘的重围…… |
| 540 | @a越位 | |
| 606 | @a小说@x中国 | |
| 690 | @aI247.5@v4 | |
| 701 | 0 | @a魏然森@Awei ran shen@4著 |
| 801 | @aCN@bDYGS@c20100803 | |
| 901 | @a210902 | |
| 905 | @b969717-9@dI247.5@eW595@f3 | |
| 越位/魏然森著.-北京:中国人民公安大学出版社,2009.04 |
| 296页;24cm.-(本书讲述的是云蒙市旅游局局长阮知平,少年时曾因家庭出身而备受歧视,改革开放使他偶然步入了基层仕途,并娶了市委书记家保姆出身的齐美竹为妻。当市委书记的女儿酒后一语道破隐藏多年的天机,当同母胞妹的日记摧毁了就在眼的成功,所有真相都暴露于光天化日之下,阮知平和他的妻子怎样突破万丈红尘的重围……) |
| 原创长篇时政小说 |
| ISBN 978-7-81139-480-1:CNY30.00 |
| ● |
| 相关链接 |
|
|
|
正题名:越位
索取号:I247.5/W595
 
预约/预借
| 序号 | 登录号 | 条形码 | 馆藏地/架位号 | 状态 | 备注 |
| 1 | 969717 | 209697176 | 文学库108/108文学库 37排3列3层/ [索取号:I247.5/W595] | 在馆 | |
| 2 | 969718 | 209697185 | 文学库108/108文学库 37排3列3层/ [索取号:I247.5/W595] | 在馆 | |
| 3 | 969719 | 209697194 | 文学库108/108文学库 37排3列3层/ [索取号:I247.5/W595] | 在馆 |